00587nam a2200169Ia 4500003000900000008004100009020001800050040001600068080001900084245017000103260005700273300001500330650002200345650001900367650001300386700001800399IN-BaIIA211028s9999 xx 000 0 eng d a0-87891-542-7 cIIA Library a621.3.078bREA 4aThe automatic control systems/Robotics problem solverba complete solution guide to any textbookcedited by M. Fogiel  aNew JerseybResearch and Education Associationc1990 axi, 1076p. aAutomatic control aNASA thesaurus aRobotics aFogiel, M ed.